LIBRARY & INFORMATION CENTRE, KCAET, TAVANUR

ONLINE PUBLIC ACCESS CATALOGUE (OPAC)

Samadhana Nayakanmar / (Record no. 429)

MARC details
000 -LEADER
fixed length control field 00426cam a2200169ua 4500
041 ## - LANGUAGE CODE
Language code of text/sound track or separate title mal
082 ## - DEWEY DECIMAL CLASSIFICATION NUMBER
Classification number 920.08
Item number MAY/SA
100 ## - MAIN ENTRY--AUTHOR NAME
Personal name Mayer, Edith Patterson .
245 ## - TITLE STATEMENT
Title Samadhana Nayakanmar /
260 ## - PUBLICATION, DISTRIBUTION, ETC. (IMPRINT)
Place of publication Thrissur :
Name of publisher Current Books ,
Year of publication 1965.
300 ## - PHYSICAL DESCRIPTION
Number of Pages 301 ; .
942 ## - ADDED ENTRY ELEMENTS (KOHA)
Koha item type Books
Holdings
Withdrawn status Lost status Damaged status Home library Current library Date acquired Full call number Accession Number Koha item type Public note
Withdrawn     KAUAET KAUAET 07/04/2012 920.08 1965 Books Deleted
Withdrawn     KAUAET Malayalam University 14/11/2023 920.08 MAY/SA 8646 Books Transferred to Malayalam University
free website counter